| 000 | 00878nam a22001577a 4500 | ||
|---|---|---|---|
| 003 | OSt | ||
| 005 | 20150915111924.0 | ||
| 008 | 150915b xxu||||| |||| 00| 0 eng d | ||
| 040 | _cRUA | ||
| 082 | _aAGR CHE 1999 B024 Or.1 | ||
| 100 |
_9506 _aCHETH, KIMNGOY. |
||
| 245 | _aEffect of organic and inorganic fertilizer residual on the growth of rice after the first rice crop a case study of prateah lang soil group at glasshouse ឥទ្ធិពលនៃសំណល់ជីគិមី និងជីសរីរាង្គពីដំណាំស្រូចលើកទី១លើការលូតលាស់ដំណាំស្រូវលើកទី២លើក្រុមដីប្រទះឡាងក្នុងលក្ខខ័ណ្ឌផ្ទះកញ្ចក់ | ||
| 260 |
_aPhnom Penh _bRUA _c1999 |
||
| 300 |
_a85p. _bill. _c29cm. |
||
| 942 |
_2ddc _cAGR |
||
| 999 |
_c486 _d486 |
||